| 000 | 03003cam a22006614i 4500 | ||
|---|---|---|---|
| 003 | PE-LiUPU | ||
| 005 | 20250731173042.0 | ||
| 008 | 170516s2017 idua rb 000 0 eng | ||
| 020 | _a0816363021 | ||
| 020 | _a9780816363025 | ||
| 035 | _a(Sirsi) i9780816363025 | ||
| 035 | _a(OCoLC)987437455 | ||
| 040 |
_aDLC _bspa _erda _cDLC _dOCLCF _dLMR _dDLC _dPE-LiUPU |
||
| 049 | _aPRUA | ||
| 050 | 0 | 0 |
_aBR516 _b.M5425 2017 |
| 082 | 0 | 0 |
_a261.70882804 _bM58 _223 |
| 100 | 1 |
_aMiller, Nicholas Patrick, _eautor. |
|
| 245 | 1 | 0 |
_a500 years of protest and liberty : _bfrom Martin Luther to modern civil rights / _cNicholas P. Miller. |
| 246 | 3 | _aFive hundred years of protest and liberty | |
| 264 | 1 |
_aNampa, Idaho : _bPacific Press Publishing Association, _c[2017] |
|
| 300 |
_a192 páginas : _bilustraciones ; _c23 centímetros |
||
| 336 |
_atext _2rdacontent |
||
| 337 |
_aunmediated _2rdamedia |
||
| 338 |
_avolume _2rdacarrier |
||
| 504 | _aBibliografía al final de cada capitulo. | ||
| 505 | _aEuropean backgrounds of protestant liberty, rights, and democracy -- Early american experiences of protestant liberty -- Protesting protestantism: twentieth-century challenges to religious freedom -- Other moder legal issues in church and state. | ||
| 526 | _aSEG42 | ||
| 526 | _aSEG41 | ||
| 526 | _aSEG40 | ||
| 526 | _aSEG39 | ||
| 526 | _aP94 | ||
| 526 | _aP87 | ||
| 526 | _aP86 | ||
| 526 | _aP85 | ||
| 526 | _aP77 | ||
| 526 | _aP76 | ||
| 526 | _aP35 | ||
| 650 | 0 |
_aCristianismo y política _zEstados Unidos. |
|
| 650 | 0 |
_aLibertad de religión _zEstados Unidos. |
|
| 650 | 0 |
_aLibertad _xAspectos religiosos _xCristianismo. |
|
| 650 | 0 |
_aProtestantismo _zEstados Unidos. |
|
| 650 | 7 |
_aChristianity and politics. _2fast _0(OCoLC)fst00859736 |
|
| 650 | 7 |
_aFreedom of religion. _2fast _0(OCoLC)fst00934030 |
|
| 650 | 7 |
_aLiberty _xReligious aspects _xChristianity. _2fast _0(OCoLC)fst00997270 |
|
| 650 | 7 |
_aProtestantism. _2fast _0(OCoLC)fst01079920 |
|
| 651 | 0 |
_aEstados Unidos _xHistoria de la iglesia. |
|
| 651 | 7 |
_aUnited States. _2fast _0(OCoLC)fst01204155 |
|
| 655 | 7 |
_aChurch history. _2fast _0(OCoLC)fst01411629 |
|
| 910 |
_adbm _bebj _cebj _d20171226 |
||
| 942 |
_2ddc _cBOOK |
||
| 949 |
_a261.70882804 M58 _wDEWEY _c1 _i77596 _lCATALOGING _mBUL _p43.58 _r0 _sY _tBOOK _u2017-12-26 _xPOSGRADO _PP85 _0DONACION _o.STAFF. Colección Teología. |
||
| 949 |
_a261.70882804 M58 _wDEWEY _c2 _i77597 _lCATALOGING _mBUL _p43.58 _r0 _sY _tBOOK _u2017-12-26 _xPOSGRADO _PP85 _0DONACION _o.STAFF. Colección Teología. |
||
| 994 |
_aC0 _bPEPRU |
||
| 596 | _a1 | ||
| 999 |
_a261.70882804 M58 _wDEWEY _c26370 _i77596 _f2021-11-10 _g4 _lCCODEBUL1 _mBUL _p43.58 _r0 _sY _tBOOK _u2017-12-26 _xTEOLOGIA _PP85 _0DONACION _o.STAFF. Colección Teología. _d26370 |
||
| 999 |
_a261.70882804 M58 _wDEWEY _c2 _i77597 _f2021-11-10 _g4 _lCCODEBUL1 _mBUL _p43.58 _r0 _sY _tBOOK _u2017-12-26 _xTEOLOGIA _PP85 _0DONACION _o.STAFF. Colección Teología. |
||
| 980 |
_81 _gALBERTO SANCHEZ Responsable de Automatización |
||